|
|
|
|
| LEADER |
00626cam a2200169ua 4500 |
| 001 |
22623 |
| 008 |
141209n ii |||gr||||Z||||||eng |
| 020 |
|
|
|a 978-93-5084-260-7
|
| 041 |
|
|
|a eng
|
| 082 |
|
|
|a 020
|
| 100 |
|
|
|a Gopal Sharma.
|
| 245 |
|
|
|a New perspectives in Ranganathan`s five laws of library
|c Gopal Sharma
|h Textual Documents
|
| 260 |
|
|
|a New Delhi:
|b Centrum Press,
|c 2013.
|
| 300 |
|
|
|a 264p.
|
| 650 |
|
|
|a Five laws of library science
|
| 999 |
|
|
|c 45809
|d 45809
|
| 952 |
|
|
|0 1
|1 0
|4 0
|6 020_000000000000000_GOP_N
|7 0
|9 57792
|a KU
|b KU
|d 2015-07-05
|l 1
|o 020 GOP/N
|p LB01069
|r 2017-11-02
|s 2017-10-09
|w 2015-07-05
|y BK
|z Transferred to HGCL, Thavakkara
|